| 000 | 00609cam a22002291 4500 | ||
|---|---|---|---|
| 001 | sa 65002112 | ||
| 003 | DLC | ||
| 005 | 20260227112114.0 | ||
| 008 | 890601s1964 ii b 000 0 hino | ||
| 010 | _asa 65002112 | ||
| 035 | _a(OCoLC)19796058 | ||
| 040 |
_aDLC _cWaU _dDLC |
||
| 042 | _apremarc | ||
| 050 | 0 | 0 |
_aPK2098.P7 _bK3194 1964 |
| 100 | 1 |
_aGupta, Rameśacandra, _d1940- |
|
| 245 | 1 | 0 | _aKāmāyanī kī bhāshā. |
| 260 | _c[1964] | ||
| 300 |
_axv, 166 p. _c23 cm. |
||
| 500 | _aIn Hindi. | ||
| 504 | _aBibliography: p. [159]-166. | ||
| 600 | 1 | 0 |
_aPrasad, Jai Shankar, _d1889-1937. _tKāmāyanī. |
| 999 |
_c62452 _d62452 |
||